000 00333nam a22001457a 4500
008 240206b ||||| |||| 00| 0 eng d
020 _a9780071445733
041 _aeng
080 _22005
_a615
082 _a615TOY
100 _a13
101 _aFARMAKOLOGJI
245 _aCASE FILES PHARMACOLOGY
_cEUGENE.C.TOY
942 _2udc
_cBK
999 _c60587
_d60587